Vocaloid Song Quiz - Statistics

General Stats
  • This quiz has been taken 8 times
  • The average score is 18 of 41
Answer Stats
Hint Answer % Correct
Love me. Love me. Love me, more and more, and.... Aishite Aishite Aishite
80%
Hi. I wanna people save. Envy Baby
80%
"Gott ist tot" God-ish
80%
I start over with a dead variable Heat Abnormal
80%
Innocence? The hell is that? Love? The hell is that? Konton Boogie
80%
"You're getting sleepy", a shallow hypnosis. Mesmerizer
80%
Blue hair, blue tie, hiding in your wifi! Miku
80%
Being a stray is the best, meow meow meow! Ah, it's a wonderful cat's life
60%
A call for me? (Yes my doctor) A call for me? (Yes my doctor) Doctor Funk Beat
60%
One, two, three, four, five.... Fear Garden
60%
Wake up. get up. stand up. MERA Fire Dance
60%
Did you wash your face?" (Stop naggin' me!) Gocha Gocha Urusee / Stop Nagging Me!
60%
A miraculous showtime, hypnotize me with your magic brush. Miracle Paint
60%
I took a mouthful of a suspicious apple that I bought from a shady dealer... Reincarnation Apple
60%
Teto Teto Teto Teto Teto Teto Teto Teto Teto Territory
60%
Look at me now, touch me right now! Abnormality Dancin Girl
40%
Are you going to marry me or not? How many children you want? You just don't do any of those seriously! Booo!
40%
Ah, but there's hope for you still, before it all comes unfurled. Candle Queen
40%
Come! Come! I've got some info (on someone)! I'll tell teacher! Chururira Chururira Daddadda!
40%
Someone, someone, please help everyone... Common World Domination
40%
Guilty⇔de-capitate,Why not guilty!! Fraulein=Biblioteca / Fräulein=Bibliotheka
40%
First you should kindly rip off this shirt I'm taking off, no worries! Ifuudoudou / Pomp and circumstances
40%
I have to smile, or the things precious to me will break... Kyu Kurarin
40%
No you don't!☆ Luka Luka Night Fever
40%
In my dream I strangled you as the curtains fluttered in the spring breeze. Meltdown
40%
As I puzzle, the ladies' man with the perfect golden-ratio face snorts; Proof Geometric Construction Can Solve All Love Affairs
40%
Happy Happy Happy Candy, Many Many Money Shanti
40%
In tune with the heartbeat of our solar system. Solar System Disco
40%
The frequency of your voice is too high and the earth is about to crack. Ultra rupture
40%
I'll destroy the entire human race, O you, hey, O you. Anatasama
20%
Enjoy a Happy☆nighT! Bad End Night
20%
Don’t wait, more and more, it’s your call Call!!
20%
I made a vent Twitter account; acknowledgement is welcome. Darling Dance
20%
You're trying to presume everything by such an effective logic. E? Aa, Sou.
20%
There’s no going back from here, after all, there's no consequences! Egoist
20%
The wind is just too strong, I’ll simply pass away. Kyoufuu All Back
20%
"With you, the earth doesn't need the sun. You can take the place of the sun." My Love is Hellfire
20%
Love me! Love ME! Nihil-san
20%
I love you always. I received a kiss from you. Ochame Kinou / Mischievous Function
20%
Hot is good, don’t you think so? Is it a big deal? Salamander
20%
Let's begin the range and velocity test. High Range Tongue Twister Test
0%
No matching quizzes found
Score Distribution
Percent of People with Each Score
Percentile by Number Answered
Your Score History
You have not taken this quiz